MDQL
is popping MORE tags! Check the
thread
!
Quizzes
Events
Quiz Creation
Community
Videos
Private Events
Remove Ads
Sign In
Join for FREE
Feedback
Dark Mode
Quiz Categories
Sports
Geography
Music
Movies
Television
Just For Fun
Miscellaneous
History
Literature
Language
Science
Gaming
Entertainment
Religion
Holiday
For Kids
Quiz Lab
Recent
Popular Today
Quiz Kudos Today
Editor Picks
Curator Picks
Quizzes by...
Day
Popularity
Type
Ratings
Length
Year
Community
Subscriptions
Recent Discussions
Orange Saloon
Badges
Playlists
Quests
Create
Leaderboards
Showdown
Live 5
Trivia Bingo
Activity
Puzzle Library
Sporcle Events
Private Events
Virtual Trivia
Globe League
Become a Host
Pub Owners
SporcleCon
Opinionation
Our Games
Videos
Blog
Mobile Apps
Partnerships
Remove Ads and Go Orange
Feedback
Television
TV Characters
TV Show
Sitcom
Network
Friends
Reality Shows
Cast
South Park
Star Trek
The Simpsons
Doctor Who
Television
TV Characters
TV Show
Sitcom
Network
Friends
Reality Shows
Cast
South Park
Star Trek
The Simpsons
Doctor Who
Random Quiz
Search Sporcle
×
Curator Pick
Curator Pick
Television
Follow That Line
Select answers by clicking on text or image buttons
Select answers by clicking on text or image buttons
Clickable
Best Score? Go Orange.
Follow that Line: Orange Is the New Black (season 1) Stats
Follow that Line: Orange Is the New Black (season 1)
By
EmmaGM
10m
38 Questions
1,720 Plays
1,720 Plays
1,720 Plays
Comments
Comments
Give Quiz Kudos
Give Quiz Kudos
-
- Ratings
hide this ad
Forced Order
Answers have to be entered in order
Answers have to be entered in order
Replay
Link that replays current quiz
Next Quiz
Link to next quiz in quiz playlist
You Got
0%
They Got
Avg Score
66%
Avg Friend Score
Upgrade to see
Score Distribution
Jump to the score distribution portion of the page
Score
0/38
Timer
10:00
0
Plays Today
% Correct
If I guess closest to the birth time, I could win a Twix.
83%
Now, I'm gonna have to kill her.
80.5%
But she failed to mention the lesbian lover who ran an international drug smuggling ring.
80%
What, you studied for prison?
77.4%
There's a bus?
77.2%
It's just like the Hamptons, only f*cking horrible.
76.4%
Oh, I just lived on campus and went to parties.
76.3%
Commit suicide.
76.1%
Any more than I know why he gave men nipples.
75.6%
Look, just pretend it's the 1950's. It's easier to understand.
74.5%
How am I going to fight an old Russian lady with back problems?
72.9%
And I'm very excited about that.
72.8%
If I were, it would be somewhere you drink rum out of a mini volcano.
72.3%
That's like winning the lottery and giving back the ticket.
72%
Aren't you not supposed to ask that question?
71.8%
We're from different worlds.
69.7%
Metallics are very in this season.
69.5%
No, I think you've got the wrong skintone.
67.9%
I threw my pie for you.
67.4%
% Correct
I made bad choices.
67.2%
There might still be a few floating around.
65.8%
Get some f*cking therapy, man.
64.5%
How random is that?
64.2%
Like, totally open for interpretation.
64.1%
It's like global warming and female ejaculation.
63.4%
Really told people what was going on.
62.4%
What can I say? I'm shallow.
62.2%
That was a rhetorical question. Don't you understand what the hell a rhetorical question is?
61.7%
And vaginas.
61%
You are who you are, like I am who I am.
59.6%
You know, if you ever want to talk about it, that's what counselors are for.
56.5%
It's the testosterone.
56%
So that leaves you on the outside with your sad, sad little life.
50.5%
I mean, look at my dress!
49.3%
The only sicko here, is you.
48.3%
You do not have to have lesbian sex.
47.3%
That's a bag of *ssholes right there.
47.1%
God bless America.
47.1%
Quiz Playlist
Details
Report
Send in Message
Add To Playlist
Clickable:
Select answers by clicking on text or image buttons
Forced Order:
Answers have to be entered in order
Last Updated: Apr 15, 2017
Curator Pick in
Follow That Line
Quiz Scoreboard
CHALLENGE
Sign Up to Join the Scoreboard
Show All
Scores
Hide
Comments
May contain spoilers
Recently Published
5x2 Blitz: Bands
by SL_Kpop136
Music
30s
Colored Red Africa Blitz
by spor1
Geography
30s
Find the 'City' Movie
by crazypaving
Movies
60s
More to Explore
Quiz From the Vault
Featured Blog Post
14 Easter Pick-up Lines to Find Eggs With
hide this ad
You Might Also Like...
Tags
Clickable Quiz
Follow That Line Quiz
Orange is the New Black
TV Quotes
Today's Top Quizzes in Television
Browse Television
hide this ad
Today's Top Quizzes in Follow That Line
Browse Follow That Line
Top Contributed Quizzes in Television
1
Survivor Journey Challenge
2
Survivor Logic Puzzle: Heroes vs. Villains
3
One Tree Hill Logic Puzzle
4
Phoebe Buffay Quotes
5
Game of Thrones: Tywin Lannister Start to Finish
6
Brooklyn Nine Nine Logic Puzzle (How-To-Play)
7
A Series of Unfortunate Events: Netflix Character Chain
8
All US Survivor Seasons in Order
9
Survivor: Criteria Castaways
10
A Series of Unfortunate Events: S3 Character Chain
Explore More
Trending Topics
NBA
Disney
Marvel
Harry Potter
Kpop
Anime
Crossword
The Office
WWE
Song
Country
NFL
Pokémon
Soccer
Puzzle
hide this ad
More By:
EmmaGM
Quiz
Plays
Rating
Category
Featured
Created
Follow that Line: Friends (season 4)
10,788
4.91
Television
Apr 21, 2015
Follow that Line: Friends (season 2)
10,030
4.68
Television
Apr 20, 2015
Follow that Line: Friends (season 7)
9,891
4.47
Television
Jun 28, 2015
Follow that Line: Friends (season 3)
8,733
4.83
Television
Apr 20, 2015
Follow that Line: Friends (season 8)
8,404
4.75
Television
Jun 29, 2015
Go to Creator's Profile
Score Distribution
Quiz Creator Spotlight
EmmaGM
Follow
Send a Message
Quizzes Created
-
Created Quiz Play Count
-
More By This Creator
Popular Quizzes Today
1
Find the 'City' Movie
2
5x2 Blitz: Bands
3
Colored Red Africa Blitz
4
The Countries of the World
5
Find the US States - No Outlines Minefield
6
Find the US States
7
9x9 Crossword: Cartoon Network
8
US States
More Television Quizzes
Get Out of My TV Show (1990s)
Quiz Lab
Trending Quizzes
Colored Red Europe Blitz I
Colored Red Africa Blitz II
Colored Red Europe Blitz III
Colored Red Europe Blitz II
Colored Red Africa Blitz III
Recently Updated
Champions League XIs: Real Madrid
pecheneg
Largest US Cities 1790-2010
pecheneg
Rides in Walt Disney World
pecheneg
Most Oscar Losses (Acting)
pecheneg
Beyoncé Albums
pecheneg
Leaping Animals
pecheneg
Reality TV Shows (A-Z)
bhenderson79
Rickey Henderson's Hall of Fame Teammates
pecheneg
Champions League XIs: Arsenal
pecheneg
Quick Pick: Celebrities in WWE's Hall of Fame
aduchscher
Trending Topics
Crossword
NBA
Disney
Harry Potter
Marvel
Anime
Kpop
Country
NFL
Pokémon
Soccer
Song
The Office
Puzzle
WWE
Your Account Isn't Verified!
In order to create a playlist on Sporcle, you need to verify the email address you used during registration. Go to your
Sporcle Settings
to finish the process.
Report this User
Report this user for behavior that violates our
Community Guidelines
.
Details:
Send Report
Go to the Sporcle.com Mobile Site →
Comments